h1

h2

h3

h4

h5
h6
001002481 001__ 1002481
001002481 005__ 20251229122850.0
001002481 0247_ $$2datacite_doi$$a10.18154/RWTH-2025-00560
001002481 037__ $$aRWTH-2025-00560
001002481 041__ $$aEnglish
001002481 1001_ $$aLorenz, Anna-Lena$$b0$$eCorresponding author
001002481 1112_ $$a6. Publishing Forum = 6. Forum Publizieren$$cAachen$$d2025-01-23 - 2025-01-23$$wGermany
001002481 245__ $$aUsing AI tools for searching literature - opportunities and challenges$$honline
001002481 260__ $$c2025
001002481 300__ $$a38 Folien
001002481 3367_ $$033$$2EndNote$$aConference Paper
001002481 3367_ $$0PUB:(DE-HGF)6$$2PUB:(DE-HGF)$$aConference Presentation$$bconf$$mconf
001002481 3367_ $$2BibTeX$$aINPROCEEDINGS
001002481 3367_ $$2DRIVER$$aconferenceObject
001002481 3367_ $$2DataCite$$aOther
001002481 3367_ $$2ORCID$$aLECTURE_SPEECH
001002481 500__ $$aVeröffentlicht auf dem Publikationsserver der RWTH Aachen University
001002481 591__ $$aGermany
001002481 653_7 $$aAI
001002481 653_7 $$aArtificial Intelligence
001002481 653_7 $$aLiterature Research
001002481 653_7 $$aLiterature Research Tools
001002481 653_7 $$aResearch Rabbit
001002481 653_7 $$aScopus AI
001002481 7001_ $$0P:(DE-82)IDM06841$$aNietzschmann, Lena$$b1$$eCorresponding author$$urwth
001002481 7870_ $$0RWTH-2024-03610$$iRelatedTo
001002481 8564_ $$uhttps://publications.rwth-aachen.de/record/1002481/files/1002481.pdf$$yOpenAccess
001002481 909CO $$ooai:publications.rwth-aachen.de:1002481$$pdriver$$pVDB$$popen_access$$popenaire
001002481 9101_ $$0I:(DE-588b)36225-6$$6P:(DE-82)IDM06841$$aRWTH Aachen$$b1$$kRWTH
001002481 9141_ $$y2025
001002481 915__ $$0StatID:(DE-HGF)0510$$2StatID$$aOpenAccess
001002481 9201_ $$0I:(DE-82)021000_20141113$$k021000$$lUniversitätsbibliothek$$x0
001002481 961__ $$c2025-01-27T16:53:52.270917$$x2025-01-17T19:11:57.585539$$z2025-01-27T16:53:52.270917
001002481 9801_ $$aFullTexts
001002481 980__ $$aI:(DE-82)021000_20141113
001002481 980__ $$aUNRESTRICTED
001002481 980__ $$aVDB
001002481 980__ $$aconf